书目信息 |
| 题名: |
嘉当的外形式法
|
|
| 作者: | C.п·菲尼可夫 著 | |
| 分册: | ||
| 出版信息: | 北京 科学出版社 1956.11 |
|
| 页数: | 456页 | |
| 开本: | 20cm | |
| 丛书名: | ||
| 单 册: | ||
| 中图分类: | O186.15 | |
| 科图分类: | ||
| 主题词: | 几何 , 拓扑 | |
| 电子资源: | ||
| ISBN: | ||
| 000 | 00725nam0 2200217 450 | |
| 001 | 0640400328 | |
| 005 | 20060731111813.42 | |
| 010 | @dCNY3.50 | |
| 100 | @a20060731d1956 km y0chiy0120 ea | |
| 101 | 0 | @achi@crus |
| 102 | @aCN@b110000 | |
| 200 | 1 | @a嘉当的外形式法@Ajia dang de wai xing shi fa@e全微分及偏微分方程系统的共存论@f(苏)C.п·菲尼可夫著@F(su)C.п·fei ni ke fu zhu |
| 210 | @a北京@c科学出版社@d1956.11 | |
| 215 | @a456页@d20cm | |
| 517 | 1 | @a全微分及偏微分方程系统的共存论@Aquan wei fen ji pian wei fen fang cheng xi tong de gong cun lun |
| 606 | 0 | @a几何 |
| 606 | 0 | @a拓扑 |
| 690 | @aO186.15@v3 | |
| 701 | 0 | @aC.п·菲尼可夫@AC.п·fei ni ke fu@4著 |
| 801 | 0 | @aCN@bPFT@c20060731 |
| 905 | @a10447@dO186.15@e41 | |
| 嘉当的外形式法:全微分及偏微分方程系统的共存论/(苏)C.п·菲尼可夫著.-北京:科学出版社,1956.11 |
| 456页;20cm |
| ISBN :CNY3.50 |
| ● |
| 相关链接 |
|
|
|
|
正题名:嘉当的外形式法
索取号:O186.15/41
 
预约/预借
| 序号 | 登录号 | 条形码 | 馆藏地/架位号 | 状态 | 备注 |
| 1 | 0443028 | 204430286 | 密集书库/ [索取号:O186.15/41] | 在馆 |